SOLID STATE PHYSICS (Record no. 16396)

MARC details
000 -LEADER
fixed length control field 00320nam a22001577a 4500
003 - CONTROL NUMBER IDENTIFIER
control field SGT
020 ## - INTERNATIONAL STANDARD BOOK NUMBER
International Standard Book Number 9789386070920
082 ## - DEWEY DECIMAL CLASSIFICATION NUMBER
Classification number 530
Item number PIL
100 ## - MAIN ENTRY--PERSONAL NAME
Personal name PILLAI,S.O
245 ## - TITLE STATEMENT
Title SOLID STATE PHYSICS
250 ## - EDITION STATEMENT
Edition statement 8TH
260 ## - PUBLICATION, DISTRIBUTION, ETC. (IMPRINT)
Name of publisher, distributor, etc NEW AGE
Year of Publication 2018
300 ## - PAGE DESCRIPTION
No. of Pages 887
650 ## - SUBJECT ADDED ENTRY--TOPICAL TERM
Topical term or geographic name as entry element PHYSICAL SCIENCE
942 ## - ADDED ENTRY ELEMENTS (KOHA)
Source of classification or shelving scheme Dewey Decimal Classification
Koha item type Books
942 ## - ADDED ENTRY ELEMENTS (KOHA)
-- 38
Holdings
Withdrawn status Lost status Source of classification or shelving scheme Damaged status Not for loan Home library Current library Shelving location Date acquired Vendor Name Cost, normal purchase price SGTU Bill Number Total Checkouts Full call number Accession No. (Barcode) Date last seen Date last borrowed Bill Date Koha item type
    Dewey Decimal Classification     SGT Science & Social Sciences Library SGT Science & Social Sciences Library Text Book 26/12/2018 AHUJA BOOK 599.00 SGTU 10393 15 530 PIL PS5241 07/11/2024 09/10/2024   Books
    Dewey Decimal Classification     SGT Science & Social Sciences Library SGT Science & Social Sciences Library Text Book 26/12/2018 AHUJA BOOK 599.00 SGTU 10393 16 530 PIL PS5242 20/12/2024 04/11/2024   Books
    Dewey Decimal Classification     SGT Science & Social Sciences Library SGT Science & Social Sciences Library Text Book 26/12/2018 AHUJA BOOK 599.00 SGTU 10393 12 530 PIL PS5243 14/01/2025 14/01/2025   Books
    Dewey Decimal Classification     SGT Science & Social Sciences Library SGT Science & Social Sciences Library Text Book 26/12/2018 AHUJA BOOK 599.00 SGTU 10393 7 530 PIL PS5244 13/09/2024 30/08/2024   Books
    Dewey Decimal Classification     SGT Science & Social Sciences Library SGT Science & Social Sciences Library Text Book 26/12/2018 AHUJA BOOK 599.00 SGTU 10393 14 530 PIL PS5245 28/10/2024 14/10/2024   Books
    Dewey Decimal Classification     SGT Science & Social Sciences Library SGT Science & Social Sciences Library Text Book 26/12/2018 AHUJA BOOK 599.00 SGTU 10393 6 530 PIL PS5246 03/12/2020 13/03/2020   Books
    Dewey Decimal Classification     SGT Science & Social Sciences Library SGT Science & Social Sciences Library Text Book 26/12/2018 AHUJA BOOK 599.00 SGTU 10393 17 530 PIL PS5247 02/09/2024 02/09/2024   Books
    Dewey Decimal Classification     SGT Science & Social Sciences Library SGT Science & Social Sciences Library Text Book 26/12/2018 AHUJA BOOK 599.00 SGTU 10393 6 530 PIL PS5248 04/12/2020 13/03/2020   Books
    Dewey Decimal Classification     SGT Science & Social Sciences Library SGT Science & Social Sciences Library Text Book 26/12/2018 AHUJA BOOK 599.00 SGTU 10393 9 530 PIL PS5249 27/01/2021 11/01/2021   Books
    Dewey Decimal Classification     SGT Science & Social Sciences Library SGT Science & Social Sciences Library Text Book 26/12/2018 AHUJA BOOK 599.00 SGTU 10393 15 530 PIL PS5250 08/12/2023 28/11/2023   Books